000 00792nam a22001577a 4500
003 OSt
005 20150918172820.0
008 150918b xxu||||| |||| 00| 0 eng d
040 _cRUA
082 _aAGR NGE 2005 B032 Or.1
100 _9804
_aNGET BUNTHOEUN
245 _aComparison of liquid organic fertilizer rate on green mustard under condition of green house at the royal university of agriculture,(ការប្រៀបធៀបកំរិតជីធម្មជាតិទឹកទៅលើដំណាំស្ពៃខៀវក្នុងលក្ខខណ្ឌផ្ទះពិសោធន៍ នៃសាកលវិទ្យាល័យភូមិន្ទកសិកម្ម)
260 _aphnom penh
_bRUA
_c2005
300 _axi,46p.
_cill.
_g29cm.
942 _2ddc
_cAGR
999 _c776
_d776